000 01021nam a2200253 a 4500
008 060424s1996 ||||||||||||||||| || u
020 _a0948404965
050 _aSB 950.7 Bri
100 _aHenderson, Ian
245 1 0 _aSlug & snail pests in agriculture : proceedings of a symposium organised by the British Crop Protection Council ....
260 _aFarnham :
_bBritish Crop Protection Council
_c1996
300 _axiv, 450 p. : ill.
350 _a0.00
490 _aBCPC symposium proceedings, 0306-3941
490 _vno. 66
500 _aIncludes bibliographical references.
650 _aSLUGS (MOLLUSKS) - CONGRESSES
650 _aSNAILS - CONGRESSES
650 _aAGRICULTURAL PESTS--CONGRESSES
650 _aSLUGS (MOLLUSKS) - CONTROL - CONGRESSES
650 _aSNAILS - CONTROL - CONGRESSES
710 _aMalacological Society of London
995 _D0.00
_FCBU-MAIN LIBRARY (Kitwe)
_H1
_I21.95
_M1
_UAVAILABLE
_ZMain Library Open Access Collection
999 _c57554
_d57554